| 000 | 00413cam a2200181ua 4500 | ||
|---|---|---|---|
| 020 | _c3.00 | ||
| 041 |
_ahin _h |
||
| 082 |
_a891.54 _bPRE/AG |
||
| 100 | _aPremchand, . | ||
| 245 |
_aAgni samadi / _cPremchand. _hTextual Documents |
||
| 250 |
_a1 / _b. |
||
| 260 |
_aLucknow : _bRajkumar press , _c1953. |
||
| 300 | _a288 ; . | ||
| 365 | _a3.00 | ||
| 504 | _a | ||
| 942 | _cBK | ||
| 999 |
_c8220 _d8220 |
||